00242nam a2200109Ia 4500008004100000100002000041245002200061250000800083260002400091300000900115650000800124191201s2010 xx 000 0 und d aROSS, Stephen A 0aCorporate Finance aRep aN. delhibTMHc2010 a1105 aMBA